000 00763nam a22002295i 4500
001 159672
003 ES-MaACL
005 20230906211726.0
008 040916s1899 sp |||| | spa d
040 _aCAM
_bspa
_cCAM
080 _a821.134.2-23"18"
080 _a821.134.2-31"18"
100 1 _aMillares Cubas, Luis.
_981180
245 1 3 _aLa deuda del comandante
_b; Los inertes /
_cpor Luis y Agustín Millares Cubas.
260 _aSanta Cruz de Tenerife :
_b[s.n.],
_c1899 (
_fImprenta de A.J. Benítez)
300 _a413 p. ;
_c19 cm.
490 1 _aDe la tierra canaria ;
_vv. 3
700 1 _aMillares Cubas, Agustín.
_981179
830 0 _aDe la tierra canaria ;
_vv. 3
_9188210
852 _aES-MaACL
_jF-8759
_z-- Rúst.
999 _c159672
_d159672